Quy định hiện hành về kế toán - kiểm toán
Đã lưu trong:
| Format: | Bog |
|---|---|
| Udgivet: |
Hà Nội
Bộ kế hoạch và đầu tư
1997
|
| Fag: | |
| Tags: |
Tilføj Tag
Ingen Tags, Vær først til at tagge denne postø!
|
| Thư viện lưu trữ: | Trung tâm Học liệu Lê Vũ Hùng, Trường Đại học Đồng Tháp |
|---|
| LEADER | 00697pam a22002298a 4500 | ||
|---|---|---|---|
| 001 | 00043574 | ||
| 005 | 20190122110147.0 | ||
| 008 | 170425s1999 ||||||Viesd | ||
| 020 | # | # | |c 0 |
| 041 | 0 | # | |a Vie |
| 082 | 1 | 4 | |a 346.597 |b QU600Đ |
| 245 | 0 | 0 | |a Quy định hiện hành về kế toán - kiểm toán |
| 260 | # | # | |a Hà Nội |b Bộ kế hoạch và đầu tư |c 1997 |
| 300 | # | # | |a 407 tr. |c 21 cm |
| 653 | # | # | |a Kiểm toán |
| 653 | # | # | |a kê toán |
| 653 | # | # | |a Pháp luật |
| 653 | # | # | |a Quy định |
| 653 | # | # | |a Việt Nam |
| 852 | # | # | |j KD.0025641 |
| 910 | # | # | |d 22/1/2019 |
| 980 | # | # | |a Trung tâm Học liệu Lê Vũ Hùng, Trường Đại học Đồng Tháp |